Statistics for All FNaF1 Characters

Click here to take the quiz!

General Stats

  • This quiz has been taken 136 times
  • The average score is 6 of 8

Answer Stats

Answer% Correct
Chica
100%
Freddy
100%
Bonnie
99%
Foxy
99%
Golden Freddy
95%
Phone Guy
52%
Endoskeleton
49%
Mike/Night Guard
41%

Score Distribution

Percentile by Number Answered

Percent of People with Each Score

Your Score History

You have not taken this quiz